[Event "GER-chT U16"]
[Site "Walldorf"]
[Date "2017.12.30"]
[Round "7.4"]
[White "Kreicarek, Tobias"]
[Black "Greitmann, Niklas"]
[Result "1-0"]
[WhiteElo "1415"]
[BlackElo "1658"]
[PlyCount "119"]
[EventDate "2017.12.26"]
[EventType "team-swiss"]
[EventRounds "7"]
[EventCountry "GER"]
[SourceTitle "CBM 182 Extra"]
[Source "ChessBase"]
[SourceDate "2018.02.23"]
[SourceVersion "1"]
[SourceVersionDate "2018.02.23"]
[SourceQuality "1"]
[WhiteTeam "Leipzig Turm"]
[BlackTeam "Bebenhausen"]
[WhiteTeamCountry "GER"]
[BlackTeamCountry "GER"]

1. e4 c5 2. Nf3 Nc6 3. d4 cxd4 4. Nxd4 g6 5. Nc3 Bg7 6. Nf3 d6 7. Bb5 Bd7 8. 0-0 a6 9. Ba4 Nf6 10. Re1 b5 11. Bb3 0-0 12. Bg5 Bg4 13. h3 Bxf3 14. Qxf3 Nd4 15. Qe3 Nxb3 16. axb3 Qc7 17. Rac1 e6 18. f4 Rfe8 19. Qf2 Qc5 20. Qxc5 dxc5 21. e5 Nd5 22. Nxd5 exd5 23. Rcd1 d4 24. c3 dxc3 25. bxc3 h6 26. Bh4 Bf8 27. Rd7 Re6 28. g4 Rae8 29. Rd5 Rc6 30. Rd7 b4 31. c4 Ra8 32. Red1 Re6 33. R1d5 Rc8 34. Ra7 Rec6 35. Rad7 Re6 36. Ra7 Rec6 37. Rdd7 Re6 38. Rxf7 g5 39. Bg3 gxf4 40. Bxf4 Rd8 41. Rfd7 Rxd7 42. Rxd7 Rg6 43. Kg2 Rc6 44. Kf3 Rc8 45. Ke4 Ra8 46. Kf5 a5 47. e6 a4 48. e7 Bxe7 49. Rxe7 axb3 50. Re2 Rf8+ 51. Ke4 Re8+ 52. Be5 Ra8 53. Rb2 Ra3 54. Kd5 Kf7 55. Bd6 Ra2 56. Rxb3 Rd2+ 57. Kxc5 Ke6 58. Bf4 Rf2 59. Bxh6 Rf7 60. Kxb4 1-0

[Event "GER-chT U12"]
[Site "Verden"]
[Date "2014.12.29"]
[Round "6.3"]
[White "Knuedel, Torben"]
[Black "Kreicarek, Tobias"]
[Result "1-0"]
[WhiteElo "1392"]
[BlackElo "1446"]
[PlyCount "69"]
[EventDate "2014.12.27"]
[EventType "team-swiss"]
[EventRounds "7"]
[EventCountry "GER"]
[SourceTitle "EXT 2016"]
[Source "ChessBase"]
[SourceDate "2015.10.08"]
[SourceVersion "1"]
[SourceVersionDate "2015.10.08"]
[SourceQuality "1"]
[WhiteTeam "Uelzen Post"]
[BlackTeam "Leipzig Turm"]
[WhiteTeamCountry "GER"]
[BlackTeamCountry "GER"]

1. d4 f5 2. c4 Nf6 3. Nc3 g6 4. Nf3 Bg7 5. e3 0-0 6. Bd3 d6 7. 0-0 Re8 8. e4 e6 9. e5 dxe5 10. dxe5 Ng4 11. Qe2 Nc6 12. Bf4 Nd4 13. Nxd4 Qxd4 14. Bg3 Bxe5 15. Bxe5 Qxe5 16. Qxe5 Nxe5 17. Rad1 Bd7 18. f4 Ng4 19. Rfe1 e5 20. h3 e4 21. Bxe4 fxe4 22. Rxd7 Nf6 23. Rxc7 Rab8 24. g4 Re6 25. g5 Ne8 26. Rd7 Nd6 27. c5 Nf5 28. Rxe4 Rxe4 29. Nxe4 Kh8 30. Nf6 Ng7 31. Kf2 a6 32. Ke2 a5 33. Kd3 a4 34. Kc4 b5+ 35. Kb4 1-0

[Event "GER-chT U12"]
[Site "Verden"]
[Date "2014.12.27"]
[Round "2.3"]
[White "Kreicarek, Tobias"]
[Black "Riedel, Thomas1111"]
[Result "1-0"]
[WhiteElo "1446"]
[BlackElo "1199"]
[PlyCount "67"]
[EventDate "2014.12.27"]
[EventType "team-swiss"]
[EventRounds "7"]
[EventCountry "GER"]
[SourceTitle "EXT 2016"]
[Source "ChessBase"]
[SourceDate "2015.10.08"]
[SourceVersion "1"]
[SourceVersionDate "2015.10.08"]
[SourceQuality "1"]
[WhiteTeam "Leipzig Turm"]
[BlackTeam "Koblenz VFR"]
[WhiteTeamCountry "GER"]
[BlackTeamCountry "GER"]

1. e4 d5 2. exd5 Nf6 3. d4 Nxd5 4. c4 Nf6 5. Nc3 Bg4 6. f3 Bf5 7. Be3 e6 8. Qb3 b6 9. 0-0-0 Nbd7 10. g4 Bxg4 11. fxg4 Nxg4 12. Re1 Nxe3 13. Rxe3 c5 14. d5 Qg5 15. Nb5 Ne5 16. Kb1 Ng4 17. Rg3 Qf4 18. Rf3 Qe4+ 19. Qc2 Qe1+ 20. Qc1 Qxc1+ 21. Kxc1 Kd8 22. dxe6 fxe6 23. h3 Nf6 24. Rd3+ Ke7 25. Bg2 Rd8 26. Rxd8 Kxd8 27. Nf3 a6 28. Rd1+ Kc8 29. Nd6+ Kc7 30. Nf7 Rg8 31. N3g5 h6 32. Nxe6+ Kb8 33. Rd8+ Ka7 34. Ra8# 1-0

[Event "Sachsen-ch U10"]
[Site "Sebnitz"]
[Date "2012.04.14"]
[Round "7"]
[White "Pirl, Niklas"]
[Black "Kreicarek, Tobias"]
[Result "1-0"]
[WhiteElo "1219"]
[BlackElo "1306"]
[PlyCount "51"]
[EventDate "2012.04.10"]
[EventType "swiss"]
[EventRounds "7"]
[EventCountry "GER"]
[SourceTitle "CBM 148 Extra"]
[Source "ChessBase"]
[SourceDate "2012.06.22"]
[SourceVersion "1"]
[SourceVersionDate "2012.06.22"]
[SourceQuality "1"]

1. e4 e6 2. d4 d5 3. Nc3 c5 4. Nf3 Nc6 5. Be3 Qb6 6. Rb1 Nf6 7. e5 Ne4 8. Be2 Qb4 9. Bd2 Nxd2 10. Qxd2 cxd4 11. Nb5 Qxd2+ 12. Nxd2 Kd8 13. 0-0 Nxe5 14. Nxd4 Bc5 15. N4b3 Bb6 16. Rbd1 Ke7 17. c4 Rd8 18. c5 Bc7 19. f4 Nc6 20. g3 b6 21. Rc1 bxc5 22. Nxc5 Bb6 23. Kg2 d4 24. Bf3 Kd6 25. Bxc6 Kxc6 26. Nxe6+ 1-0

[Event "Sachsen-ch U10"]
[Site "Sebnitz"]
[Date "2012.04.11"]
[Round "2"]
[White "Kreicarek, Tobias"]
[Black "Wong, Gengchun"]
[Result "0-1"]
[WhiteElo "1306"]
[BlackElo "1388"]
[PlyCount "44"]
[EventDate "2012.04.10"]
[EventType "swiss"]
[EventRounds "7"]
[EventCountry "GER"]
[SourceTitle "CBM 148 Extra"]
[Source "ChessBase"]
[SourceDate "2012.06.22"]
[SourceVersion "1"]
[SourceVersionDate "2012.06.22"]
[SourceQuality "1"]

1. e4 c5 2. Nf3 d6 3. d4 cxd4 4. Nxd4 Nf6 5. Nc3 a6 6. Bd3 e6 7. Be3 b5 8. Qd2 Bb7 9. Nb3 Qc7 10. 0-0-0 d5 11. f3 dxe4 12. fxe4 b4 13. Na4 Nbd7 14. Bf4 Qc6 15. Na5 Qxa4 16. Nxb7 Qxa2 17. Qe2 e5 18. Bg5 Be7 19. Bxf6 Bxf6 20. Nd6+ Kf8 21. Bc4 Bg5+ 22. Qd2 Qa1# 0-1

[Event "Sachsen-ch U10"]
[Site "Sebnitz"]
[Date "2012.04.11"]
[Round "3"]
[White "Von Koslowski, Wilhelm"]
[Black "Kreicarek, Tobias"]
[Result "1-0"]
[WhiteElo "1075"]
[BlackElo "1306"]
[PlyCount "63"]
[EventDate "2012.04.10"]
[EventType "swiss"]
[EventRounds "7"]
[EventCountry "GER"]
[SourceTitle "CBM 148 Extra"]
[Source "ChessBase"]
[SourceDate "2012.06.22"]
[SourceVersion "1"]
[SourceVersionDate "2012.06.22"]
[SourceQuality "1"]

1. e4 e5 2. Nf3 Nc6 3. d4 exd4 4. Nxd4 Nxd4 5. Qxd4 Nf6 6. Nc3 d6 7. h3 Bd7 8. Bc4 c5 9. Qd3 a6 10. a3 b5 11. Ba2 c4 12. Qd4 Qe7 13. 0-0 g6 14. Bf4 Bg7 15. Bxd6 Qd8 16. Be5 0-0 17. Nd5 Be6 18. Nxf6+ Bxf6 19. Bxf6 Qxd4 20. Bxd4 Rad8 21. Rad1 g5 22. Bf6 Rxd1 23. Rxd1 g4 24. hxg4 Bxg4 25. f3 Be6 26. c3 h5 27. Rb1 Kh7 28. b3 Rg8 29. Kf2 Kg6 30. Bd4 Rd8 31. b4 h4 32. Rh1 1-0